El Desarrollo de la psicología en Costa Rica

Gespeichert in:
Bibliographische Detailangaben
1. Verfasser: Thomas Claudet, Pierre
Format: Text
Veröffentlicht: Heredia: UNA. IDELA
Tags: Tag hinzufügen
Keine Tags, Fügen Sie den ersten Tag hinzu!

MARC

LEADER 00000 a a2200000 04500
001 15895
003
040
090 |a 016100  
100 |a Thomas Claudet, Pierre  
245 |a El Desarrollo de la psicología en Costa Rica  
260 |a Heredia:   |b UNA. IDELA  
300 |a 34 p.  
999 |c 2652  |d 2652